Statistics for Most Subscribed Youtubers(In Thousands)

Click here to take the quiz!

General Stats

  • This quiz has been taken 3 times
  • The average score is 6 of 20

Answer Stats

SubscribersChannel% Correct
89,559Cocomelon
100%
106,140PewDiePie
100%
148,134T-Series
100%
52,554Dude Perfect
67%
67,5695-Minute Crafts
33%
45,179Ed Sheeran
33%
55,760Justin Bieber
33%
59,619Kids Diana Show
33%
58,344Like Nastya
33%
78,614Set India
33%
59,404Zee Music Company
33%
48,627Zee TV
33%
42,449Ariana Grande
0%
43,118Babadun
0%
43,161BLACKPINK
0%
59,327Canal Kondzilla
0%
43,736EminemMusic
0%
47,336Marshmello
0%
48,515Vlad And Niki
0%
63,904WWE
0%

Score Distribution

Percentile by Number Answered

Percent of People with Each Score

Your Score History

You have not taken this quiz